000 00435nam a22001697a 4500
003 MACL
005 20160731114232.0
008 160731b xxu||||| |||| 00| 0 eng d
040 _cMACL
041 _aEnglish
082 _a900 SHA
100 _aSharma, Mathuralal
_965861
245 _aHistory Of The Jaipur State
_cMathuralal Sharma
260 _aJodhpur
_bBooks Treasure
_c2012
650 _aHistory
_965862
942 _2ddc
_cBK
999 _c55387
_d55387